| 000 | 01818nam a2200301 i 4500 | ||
|---|---|---|---|
| 005 | 20250329165435.0 | ||
| 007 | ta | ||
| 008 | 190415s2021 000 0 eng d | ||
| 040 |
_aCO-CtgCURN _bspa _ccoctgcurn _erda |
||
| 082 | 0 |
_aENF 2021 _bG934 |
|
| 100 | 1 |
_aGuerrero Mejía, Luzmary, _eauthor. _4aut |
|
| 245 | 1 | 0 |
_aFuncionalidad familiar de las adolescentes asistentes a controles prenatales en tres intituciones de salud Cartagena- Colombia, 2021 / _cLuzmary Guerrero Mejía; Jessica Paola Pitalúa Fuentes; Gina Marcela Narváez Lara; Jimara Roja Villarreal; directora: Yolima Manrique Anaya. |
| 260 |
_aCartagena de Indias : _bCorporación Universitaria Rafael Núñez, _c2021. |
||
| 300 | _a94 hojas. | ||
| 336 |
_atext _btxt _2rdacontent |
||
| 337 |
_aunmediated _bn _2rdamedia |
||
| 338 |
_avolume _bnc _2rdacarrier |
||
| 504 | _aTrabajo de grado (Enfermera). Corporación Universitaria Rafael Nuñez. Facultad de Ciencias de la Salud. Programa de Enfermería, 2021. | ||
| 520 | _a"El embarazo en la adolescencia tiende a presentar repercusiones personales, sociales, educativas y psicológicas en la madre y en el hijo. Es por ello que el apoyo de la familia y su funcionalidad resultan cruciales, por ejemplo, a la hora de estimular la asistencia a controles prenatales" | ||
| 650 | 0 |
_aEnfermería _vTesis y disertaciones academicas. |
|
| 700 | 1 | _aPitalúa Fuentes, Jessica Paola. | |
| 700 | 1 | _aNarváez Lara, Gina Marcela. | |
| 700 | 1 | _aRoja Villarreal, Jimara. | |
| 700 | 1 |
_aManrique Anaya, Yolima, _edirectora. |
|
| 856 |
_uhttps://unicurn.sharepoint.com/:b:/s/biblioteca/ETRo2t4VWG5CuXbY6Y2lTnABXinyKmegGVL-0BLMJMvMkw?e=I5h4O5 _zClick aqui para ver el recurso en texto completo |
||
| 942 |
_2ddc _cTG _hENF 2021 _iG934 |
||
| 999 |
_c4072 _d4072 |
||